Catalog

Record Details

Catalog Search



Batman : year 100 / by Paul Pope ; colorist, Jose ... Read More

Pope, Paul.(Author).
Kane, Bob.(Added Author). Villarrubia, José, 1961-(Added Author).

Available copies

  • 1 of 1 copy available at LARL/NWRL Consortium. (Show)
  • 1 of 1 copy available at Northwest Regional Library.

Current holds

0 current holds with 1 total copy.

Show Only Available Copies
Location Call Number / Copy Notes Barcode Shelving Location Status Due Date
Hallock Public Library ya POP (Text) 35500003973961 Main Available -

Record details

  • ISBN: 9781401211929 (pbk.)
  • ISBN: 1401211925 (pbk.)
  • ISBN: 9781428731875 (BWI bdg.)
  • ISBN: 1428731873 (BWI bdg.)
  • Physical Description: 227 p. : chiefly col. ill. ; 26 cm.
  • Publisher: New York : DC Comics, c2007.

Content descriptions

General Note:
"Batman created by Bob Kane."
"Originally published in single magazine form in Batman Year 100 1-4"--P. facing t.p.
Summary, etc.:
In 2039, a federal agent has been murdered, Gotham ... Read More
Subject: Batman (Fictitious character) > Fiction.
Robin the Boy Wonder (Fictitious character) > Fiction.
Revenge > Fiction.
Good and evil > Fiction.
Genre: Superhero comic books, strips, etc.
Mystery comic books, strips, etc.
Graphic novels.
LDR 01691nam a2200397Ia 4500
00176483
003LARL_NWRL_CONSORTIUM
00520070130112251.0
008070123s2007 nyua 000 c eng d
020 . ‡a9781401211929 (pbk.)
020 . ‡a1401211925 (pbk.)
020 . ‡a9781428731875 (BWI bdg.)
020 . ‡a1428731873 (BWI bdg.)
035 . ‡a(OCoLC)79621407
040 . ‡aBKX ‡cBKX ‡dNRG
08204. ‡a741.5/973 ‡222
1001 . ‡aPope, Paul. ‡0(LARL_NWRL_CONSORTIUM)204897
24510. ‡aBatman : ‡byear 100 / ‡cby Paul Pope ; colorist, Jose Villarrubia ; letters, Jared K. Fletcher & John Workman.
24630. ‡aYear 100
260 . ‡aNew York : ‡bDC Comics, ‡cc2007.
300 . ‡a227 p. : ‡bchiefly col. ill. ; ‡c26 cm.
500 . ‡a"Batman created by Bob Kane."
500 . ‡a"Originally published in single magazine form in Batman Year 100 1-4"--P. facing t.p.
520 . ‡aIn 2039, a federal agent has been murdered, Gotham has been invaded by federal agents out for blood, and Detective Gordon of the GCPD, grandson of the former commissioner, finds himself hunting an urban legend--the Batman!
650 0. ‡aBatman (Fictitious character) ‡vFiction.
650 0. ‡aRobin the Boy Wonder (Fictitious character) ‡vFiction.
650 0. ‡aRevenge ‡vFiction. ‡0(LARL_NWRL_CONSORTIUM)167017
650 0. ‡aGood and evil ‡vFiction. ‡0(LARL_NWRL_CONSORTIUM)165509
655 7. ‡aSuperhero comic books, strips, etc. ‡2gsafd
655 7. ‡aMystery comic books, strips, etc. ‡2gsafd
655 0. ‡aGraphic novels.
7001 . ‡aKane, Bob. ‡0(LARL_NWRL_CONSORTIUM)8418
7001 . ‡aVillarrubia, José, ‡d1961- ‡0(LARL_NWRL_CONSORTIUM)191330
901 . ‡a76483 ‡bOCLC ‡c76483 ‡tbiblio

Additional Resources